Rome et le Congrès / (Record no. 190095)

MARC details
000 -LEADER
campo de control de longitud fija 00846nam a2200169 i 4500
001 - NÚMERO DE CONTROL
campo de control 190095
003 - IDENTIFICADOR DE NÚMERO DE CONTROL
campo de control ES-MaACL
005 - FECHA Y HORA DE LA ÚLTIMA TRANSACCIÓN
campo de control 20230906223635.0
008 - DATOS DE LONGITUD FIJA--INFORMACIÓN GENERAL
campo de control de longitud fija 200728s1860 fr |||| | fre d
080 ## - NÚMERO DE LA CLASIFICACIÓN DECIMAL UNIVERSAL
Número de la Clasificación Decimal Universal 94(450)"1849/1870"
245 00 - MENCIÓN DEL TÍTULO
Título Rome et le Congrès /
Mención de responsabilidad, etc. par un Romain [Falconi].
260 ## - PUBLICACIÓN, DISTRIBUCIÓN, ETC.
Lugar de publicación, distribución, etc. Paris :
Nombre del editor, distribuidor, etc. Dentu,
Fecha de publicación, distribución, etc. 1860.
300 ## - DESCRIPCIÓN FÍSICA
Extensión 32 p. ;
Dimensiones 22 cm.
505 8# - NOTA DE CONTENIDO CON FORMATO
Nota de contenido con formato Contiene: Sénat: séance... mars 1861 . Lettre circulaire a M. M. les éveques de France sur la... question romaine . La Brochure: le pape et le Congrès . Considérations sur l'Italie . La brochure du duc d'Aumale . Une Dette espagnole . Réponse d'un ancien troupier a la lettre de M. Le Duc d'Aumale adressee au prince Napoleon . Le Branle: bas européen . La France, Rome et l'Italie
651 #4 - PUNTO DE ACCESO ADICIONAL DE MATERIA--NOMBRE GEOGRÁFICO
Nombre geográfico Italia-
Subdivisión general Historia-
Subdivisión cronológica 1849-1870.
9 (RLIN) 8869
852 4# - LOCALIZACIÓN
Ubicación ES-MaACL
Número de control de estantería T-55-F-3
Holdings
Estatus retirado Estado de pérdida Estado de daño No para préstamo Colección Biblioteca de origen Biblioteca actual Ubicación en estantería Fecha de adquisición Fuente de adquisición Total de préstamos Signatura topográfica completa Código de barras Visto por última vez Precio de reemplazo Tipo de ítem Koha
        Colección de folletos Biblioteca del Ateneo de Madrid Biblioteca del Ateneo de Madrid Depósito folletos 01/04/2005     T-55-F-3 1201777 23/02/2023 23/02/2023 Folleto